| 000 | 00524nam a2200169 i 4500 | ||
|---|---|---|---|
| 001 | 27796 | ||
| 003 | ES-MaACL | ||
| 005 | 20251015063046.0 | ||
| 007 | t| | ||
| 008 | 030115s1942 fr ||||1| fre d | ||
| 100 | 1 |
_aBabelon, Jean, _d1889-1978 _924413 |
|
| 245 | 1 | 3 |
_aLe portrait dans l'Antiquité , d'aprés les monnaies / _cJean Babelon. |
| 260 |
_aParís : _bPayot, _c1942 ( _fImprimerie du Parnasse) |
||
| 300 |
_a206 p., 16 lám. ; _c23 cm. |
||
| 852 |
_aES-MaACL _jF-15879 _bR.20512 |
||
| 999 |
_c27796 _d27796 |
||